000 00738nam a2200133Ia 4500
008 220620s9999||||xx |||||||||||||| ||und||
022 _a16648714
100 _aTamar Flash||Andrea d'Avella||Thomas Schack||Yuri P. Ivanenko||Martin Giese
245 0 _aModularity in motor control: from muscle synergies to cognitive action representation
546 _aEnglish[eng]
650 _aaction representation||muscle synergies||Motor Primitives||motor learning||compositionality||neural control of movement||Intermittent control||Kinematic invariants||Control architectures||Robotics
856 _uhttp://journal.frontiersin.org/researchtopic/875/modularity-in-motor-control-from-muscle-synergies-to-cognitive-action-representation
942 _cEB
999 _c29460
_d29460